00733nam a22002057a 450000500170000001000150001702000260003203500140005803700090007208200100008110000330009124500590012425000060018326000410018927000750023030000200030594200270032599900190035295201560037120250430152726.0 aENG-144653 a9789391766610c495.00 aEN-128185 bDBAD a158.4 aSharma, Radhakrishnan980961 aHow to Boost Self-Confidence/cby Radhakrishnan Sharma a1 aNew DelhibAtharv Publicationsc2024 a110, 1st Floor, Gali No.4, Harphool Vihar, BapraulabNew Delhie110043 a168p.c22cm(Hb) 2ddccENh158.4mSHAe1 c209463d209463 001040708NFICaBL1bBL1d2025-04-30eDelivery of Books Act Divisiong495.00l0o158.4 SHApEN-128185r2025-04-30 00:00:00t1v495.00w2025-04-30yEN